| 000 | 00457nam a2200181Ia 4500 | ||
|---|---|---|---|
| 008 | 170705s9999 xx 000 0 und d | ||
| 020 | _a9780590405065 | ||
| 245 | _aWhy can't I fly? / | ||
| 245 | _cRita golden Gelman ; pictures by Jack Kent. | ||
| 260 | _aNew York : | ||
| 260 | _bScholastic, | ||
| 260 | _c1976 | ||
| 300 | _a48 pages : | ||
| 300 | _bcolor illustration ; | ||
| 300 | _c21cm. | ||
| 440 | _aHello reader scholastic. | ||
| 500 | _aBR | ||
| 999 |
_c335279 _d335279 |
||